| 000 | 01703nam a2200445Ii 4500 | ||
|---|---|---|---|
| 001 | DIGMARCOM0110 | ||
| 003 | NyNyDIG | ||
| 008 | 140728t20102010sp a o 000 0 spa d | ||
| 006 | m o d | ||
| 007 | cr ||||||||||| | ||
| 040 |
_aDGITA _beng _erda _epn _cDGITA |
||
| 020 |
_a9788426720665 _q(eBook ; _qePub) |
||
| 020 |
_a8426720668 _q(eBook ; _qePub) |
||
| 020 | _z9788426716767 | ||
| 020 | _z8426716768 | ||
| 050 | 1 | 4 | _aT58.6 eBook |
| 100 | 1 |
_aMolina Martínez, José Miguel, _eauthor. |
|
| 245 | 1 | 0 |
_aProgramación gráfica para ingenieros / _cJosé Miguel Molina Martínez, Manuel Jiménez Buendía. |
| 250 | _aPrimera edición. | ||
| 264 | 1 |
_aBarcelona : _bMarcombo, S.A., _cjunio 2010. |
|
| 264 | 4 | _c©2010 | |
| 300 |
_a1 online resource (251 pages) : _billustrations. |
||
| 336 |
_atext _btxt _2rdacontent |
||
| 337 |
_acomputer _bc _2rdamedia |
||
| 338 |
_aonline resource _bcr _2rdacarrier |
||
| 504 | _aIncludes bibliographical references. | ||
| 588 | 0 | _aOnline resource; title from ePub and PDF title page (Digitalia, viewed July 30, 2014) | |
| 630 | 0 | 0 | _aLabVIEW. |
| 650 | 0 | _aSupervisory control systems. | |
| 650 | 0 | _aAutomatic data collection systems. | |
| 650 | 0 | _aEngineering graphics. | |
| 655 | 0 | _aElectronic books. | |
| 700 | 1 |
_aJiménez Buendía, Manuel, _eauthor. |
|
| 791 | 2 |
_aDigitalia (Firm), _edistributor. |
|
| 793 | 0 |
_gDigitalia eBook Collection: _aMarcombo. |
|
| 776 | 0 | 8 |
_iPrint version: _aMolina Martínez, José Miguel. _tProgramación gráfica para ingenieros. _dBarcelona : Marcombo, 2010 _z9788426716767 |
| 856 | 4 | 0 |
_3Digitalia Hispánica _uhttps://www.digitaliapublishing.com/a/17179/ |
| 910 | _aPremium Collection: 2013 | ||
| 942 | _cRAA | ||
| 999 |
_c235188 _d235188 |
||